| 000 | 00994nam a2200313Ia 4500 | ||
|---|---|---|---|
| 001 | Para_7368 | ||
| 003 | CHAP | ||
| 008 | 220125s1941 xx 000 0 und d | ||
| 010 | _a206256 | ||
| 040 | _cCHAP | ||
| 082 | _aPA-C 631.81 B86 | ||
| 100 | _aYoung, V. H. | ||
| 245 |
_aRelation of fertilizer balance to potash hunger and fusarium wilt of cotton / _c by V. H. Young and W. H. Tharp |
||
| 260 |
_aFayetteville, Ark. : _b University of Arkansas. Agricultural Experiment Station |
||
| 300 | _a24 p. | ||
| 440 |
_aBulletin ; 410 _9172511 |
||
| 500 | _aEnc. con impresos similares | ||
| 650 |
_aFertilizantes _x colecciones de escritos _9172309 |
||
| 650 |
_aFertilizantes, potasio en _9172512 |
||
| 650 |
_aMarchites del algodón _9172513 |
||
| 700 |
_aTharp, W. H. _9172514 |
||
| 901 | _aPA-C 631.81 B86 | ||
| 902 | _aA | ||
| 905 | _a0000001941 0000000000 00 | ||
| 910 | _a1941 | ||
| 942 | _cPARA | ||
| 942 |
_cPARA _d1 |
||
| 999 |
_c206256 _d206256 |
||